Jetpunk Featured Quiz Challenge #2 - Statistics

General Stats
  • This quiz has been taken 120 times
  • The average score is 16 of 20
Answer Stats
Hint Answer % Correct
Rivers of The United States Quiz Arkansas / Chattahoochee / Colorado / Columbia / Connecticut / Cumberland / Delaware / Gila / Green / Hudson / James / Klamath / Mississippi / Missouri / Mobile / Alabama / Coosa / Ohio / Pecos / Platte / Potomac / Red / Rio Grande / Sacramento / Savannah / Snake / St. John / Susquehanna / Tennessee / Wabash / Willamette / Yellowstone / Yukon
98%
Top 20 Vegetables Sold in the U.S. Potato / Onion / Tomato / Carrot / Bell Pepper / Lettuce / Broccoli / Salad Mix / Cucumber / Celery / Corn / Mushroom / Garlic / Spinach / Green Bean / Sweet Potato / Green Onion / Cauliflower / Cabbage / Asparagus
98%
Countries Producing the Most Sugarcane Brazil / India / China / Thailand / Pakistan / Mexico / Australia / Colombia / Guatemala / United States / Philippines / Indonesia / Argentina / Vietnam / South Africa / Cuba / Egypt / Myanmar / Peru / Ecuador
97%
Officially Recognized Languages of India English / Hindi / Assamese / Bengali / Bodo / Dogri / Gujarati / Hindi / Kannada / Kashmiri / Konkani / Maithili / Malayalam / Manipuri / Marathi / Nepali / Odia / Punjabi / Sanskrit / Santali / Sindhi / Tamil / Telugu / Urdu
97%
Top 20 Fruits Sold in the U.S. Banana / Apple / Grape / Strawberry / Orange / Watermelon / Blueberry / Peach / Pineapple / Avocado / Cantaloupe / Cherry / Lime / Pear / Raspberry / Blackberry / Plum / Mango / Honey Dew
96%
Countries in the Byzantine Empire Albania / Algeria / Austria / Bosnia / Bulgaria / Croatia / Cyprus / Egypt / France / Georgia / Greece / Israel / Italy / Jordan / Kosovo / Lebanon / Libya / Malta / Montenegro / Morocco / North Macedonia / Portugal / Romania / Russia / San Marino / Saudi Arabia / Serbia / Slovenia / Spain / Switzerland / Syria / Tunisia / Turkey / Ukraine / United Kingdom / Vatican City
94%
Lakes in the United States Quiz Lake Erie / Lake Michigan / Lake Superior / Lake Huron / Lake Ontario / Lake Tahoe / Great Salt Lake / Crater Lake / Finger Lakes / Lake Mead / Lake Pontchartrain / Lake Champlain / Lake Okeechobee / Salton Sea / Lake of the Woods / Lake Havasu / Lake Washington / Lake Powell / Lake of the Ozarks / Lake Winnebago
92%
Places With a Cardinal Direction in Their Name North Carolina / North Macedonia / North Pole / Northern Cyprus / Northern Ireland / Northern Rhodesia / South China Sea / South Sudan / South Dakota / South Island / Southern Alps / South Yemen / East Germany / East Pakistan / East Timor / Eastern Cape / Eastern Realm / East Thrace / West Bank / West Bengal / West Virginia / Western Australia / West Indies / Westminster
91%
Most Popular Types of Tea Iced / Sun / Green / Black / Herbal / Rooibos / Red / Sweet / White / Peppermint / Jasmine / Chai / English Breakfast / Earl Grey / Oolong / Darjeeling / Lady Grey / Assam / Matcha / Lotus / Ginger / Yellow Hibiscus / Chamomile / Kombucha
86%
Countries with Most Nobel Laureates per Capita Saint Lucia / Luxembourg / Switzerland / Sweden / Iceland / Norway / Denmark / Austria / United Kingdom / East Timor / Ireland / Israel / Germany / Netherlands / United States / France / Hungary / Finland / Belgium / Cyprus
86%
Famous People from Africa Nelson Mandela / Didier Drogba / Cleopatra / Kofi Annan / Muammar Gaddafi / Sade / Desmond Tutu / Anwar Sadat / Manute Bol / Haile Selassie / Robert Mugabe / Neill Blomkamp / Akon / Hakeem Olajuwon / Gary Player / Idi Amin / Hosni Mubarak / Djimon Hounsou / St. Augustine / Shaka
81%
Country Flags with the Southern Cross Australia / Brazil / New Zealand / Papua New Guinea / Samoa
80%
Capital Cities with Spanish Names Asunción / Buenos Aires / La Paz / San José / San Salvador / Santiago / Santo Domingo
77%
Famous Muslims Muhammad / Fatimah / Malcolm X / Muhammad Ali / Benazir Bhutto / Yusuf Islam / Saladin / Muhammad Ali Jinnah / Mehmet Oz / King Abdullah / Yasser Arafat / Ruhollah Khomeini / Salman Rushdie / Zayn Malik / Kareem Abdul-Jabbar / Zinedine Zidane / Mike Tyson / Queen Noor / Hamid Karzai / Osama Bin Laden
77%
Cobb Salad Ingredients Endive / Iceberg Lettuce / Romaine Lettuce / Watercress / Avocado / Bacon / Chives / Chicken / Egg / Roquefort Cheese / Tomato / Red-Wine Vinaigrette
75%
Fertile Crescent Countries Cyprus / Egypt / Iran / Iraq / Israel / Jordan / Kuwait / Lebanon / Syria / Turkey
61%
Girls of Mambo Number 5 Monica / Erica / Rita / Tina / Sandra / Mary / Jessica
58%
Animal Band Names Owl City / Gorillaz / Arctic Monkeys / Snoop Dogg/ Modest Mouse / Road Sheryl Crow / Seal / Scorpions / Def Leppard / A Flock of Seagulls / Whitesnake / The Bee Gees / The Eagles / Blue Öyster Cult / Three Dog Night/ Cat Stevens / Steppenwolf / Iron Butterfly / The Beatles / The Monkees / The Animals
57%
Gilligan's Island Castaways Gilligan / The Skipper / Thurston Howell III / Lovey Howell / The Professor / Mary Ann / Ginger
42%
Brat Pack Actors Emilio Estevez / Anthony Michael Hall /Rob Lowe / Andrew McCarthy / Demi Moore / Judd Nelson / Molly Ringwald / Ally Sheedy
31%
No matching quizzes found
Score Distribution
Percent of People with Each Score
Percentile by Number Answered
Your Score History
You have not taken this quiz